| 000 | 00410nam a2200181Ia 4500 | ||
|---|---|---|---|
| 005 | 20250423095541.0 | ||
| 008 | 250422s9999 xx 000 0 und d | ||
| 020 | _a0-439-43537-4 | ||
| 050 | _aPZ7.C6837/ | ||
| 100 | _aSuzanne Collins | ||
| 245 | 0 | _aGregor The Overlander | |
| 260 | _aNew York | ||
| 260 | _bScholastic Inc. | ||
| 260 | _c2003 | ||
| 300 | _a309 p | ||
| 650 | _aLiterature | ||
| 942 | _cBK | ||
| 999 |
_c30615 _d30615 |
||